Responses for Show #3608 - Wednesday, April 19, 2000

Contestants

[<< previous game]

Lynda Aue, a teacher from Ocean Grove, New Jersey

Paul Cheng, a physician from Iowa City, Iowa

Jason Karpf, a realtor from Thousand Oaks, California (whose 3-day cash winnings total $35,999)

[next game >>]

Jeopardy! Round responses

HOLY WEEK
ISLANDS OF THE ATLANTIC
MEL ____
ANIMAL, VEGETABLE OR MINERAL?
PRO BASKETBALL
"STICK"s & "STONE"s
    $100 18
"The Good Book"

Jason
    $100 9
Falkland/Malvinas Islands

Jason
    $100 1
Mel Blanc

Jason
    $100 22
(L: What is a vegetable?)

Animal (antelope)

JasonLynda
    $100 28
Pat Riley

Paul
    $100 27
Stick shift

Paul
    $200 20
Jerusalem

Paul
    $200 10
Cape Verde

Lynda
    $200 2
Mel Gibson

Jason
    $200 23
Vegetable

Lynda
    $200 5
Wilt Chamberlain

Paul
    $200 15
Stonehenge

Paul
    $300 21
Easter lilies

Jason
    $300 11
Iceland

Jason
    $300 3
Mel Brooks

Jason
    $300 24
Mineral

Paul
    $300 6
Kareem Abdul-Jabbar/Lew Alcindor

Jason
    $300 16
"Sticky Fingers"

Jason
    $400 25
Passion Sunday

Triple Stumper
    $400 12
St. Helena

Paul
    $400 4
Mel Tillis

Paul
    $400 29
Vegetable

Jason
    $400 7
Toronto Raptors or Vancouver Grizzlies

Jason
    $400 17
Stonewall Jackson

Lynda
    $500 26
(P: What is 1000?)
(less than a minute to go...)

12

Paul
    $500 13
Bermuda

Jason
    $500 8
Mel Harris

Jason
    $500 30
Animal (bird)

Paul
    $500 14
Shooting guard

Paul
    $500 19
Sticky wicket

Paul

Scores at the first commercial break (after clue 15):

Jason Paul Lynda
$2,700 $1,700 $200

Scores at the end of the Jeopardy! Round:

Jason Paul Lynda
$3,900 $2,900 $700

Double Jeopardy! Round responses

SHAKESPEARE
HE'S MY RUNNING MATE
(Alex: You have to identify the presidential candidate.)
LIBRARIES
THE BFI'S TOP 100 BRITISH FILMS
COMPOSE YOURSELF
HATE MALE
    $200 1
All's Well That Ends Well

Lynda
    $200 3
Michael Dukakis

Jason
    $200 20
Library of Congress

Jason
    $200 13
Lawrence of Arabia

Jason
    $200 8
Andrew Lloyd Webber

Jason
    $200 25
War

Paul
    $400 2
"King Lear"

Jason
    $400 4
George McGovern

Jason
    $400 22
Michelangelo

Paul
    $400 14
(P: What is "Stalag 17?")
(L: What is "The Bridge Over the River Kwai?")

The Bridge on the River Kwai

JasonPaulLynda
    $400 9
G.F. Handel

Jason
    $400 28
George Orwell

Lynda
    $600 17
(J: What is "Love's Labour's Lost?")

"The Comedy of Errors"

Jason
Triple Stumper
    $600 5
Richard Nixon

Lynda
    $600 23
New York Public Library

Triple Stumper
    $600 15
The Third Man

Jason
    $600 10
Johannes Brahms

Paul
    $600 29
W.C. Fields

Jason
    $900 18
"Julius Caesar" & "Antony and Cleopatra"

Lynda
    $800 6
Thomas E. Dewey

Jason
    $800 24
(P: What is Trinity University?)
(minute to go...)

Trinity College (part of the University of Dublin)

PaulLynda
    $800 16
Trainspotting

Lynda
    $800 11
Franz Joseph Haydn

Paul
    $800 30
W.C. Handy

Jason
    $1000 19
Coriolanus

Triple Stumper
    $1000 7
(Alex: If you noticed, all of these candidates lost!)

Adlai Stevenson

Triple Stumper
    $2,000 26
(P: What is Boston?)

Salt Lake City

Paul
    $1000 21
The Killing Fields

Jason
    $1000 12
Bela Bartok

Jason
    $1000 27
Hermann Hesse

Lynda

Scores at the end of the Double Jeopardy! Round:

Jason Paul Lynda
$10,500 $1,700 $5,000
(lock game)

[wagering suggestions for these scores]

Final Jeopardy! Round responses

ENGLISH
(Alex: I'll work on mine!)
PaulWhat are -ough?
$1,000
LyndaWhat
$1,600
JasonWhat is comp?
$0
"O-U-G-H"

Final scores:

Jason Paul Lynda
$10,500 $2,700 $3,400
4-day champion: $46,499 3rd place: a Fisher home theater system 2nd place: Intel Any Point home network software

Game dynamics:

Coryat scores:

Jason Paul Lynda
$10,500 $4,200 $4,900
28 R,
1 W
15 R,
4 W
(including 2 DDs)
10 R
(including 1 DD),
2 W

Combined Coryat: $19,600

[game clues] [game scores] [suggest correction]

Game tape date: Unknown
The J! Archive is created by fans, for fans. Scraping, republication, monetization, and malicious use prohibited; this site may use cookies and collect identifying information. See terms. The Jeopardy! game show and all elements thereof, including but not limited to copyright and trademark thereto, are the property of Jeopardy Productions, Inc. and are protected under law. This website is not affiliated with, sponsored by, or operated by Jeopardy Productions, Inc. Join the discussion at JBoard.tv.